Jeremy Corbyn or Keir Starmer? - Statistics

General Stats
  • This quiz has been taken 70 times
  • The average score is 12 of 15
Answer Stats
Question Answer % Correct
He faced allegations of anti-Semitism. Corbyn
100%
One of the longest serving MPs in the Commons. Corbyn
100%
Broke into Parliament late at night to place a plaque in memory of the suffragette Emily Wilding Davison. Corbyn
100%
Promised the whole country with free broadband during the 2019 General Election. Corbyn
100%
Infamously suspended the other from the Labour Party. Starmer
100%
His brother, Piers, is a major anti-vax conspirator. Corbyn
91%
Inaudibly called Theresa May a "stupid woman" in the Commons, but it was caught on tape and he was forced to apologise. Corbyn
91%
Represents the soft-left of the Labour Party. Starmer
91%
Appointed to the Queen's Counsel in 2002. Starmer
82%
Banned the far-left Socialist Appeal, and took steps to reduce factionalism within the party. Starmer
82%
Has the unwavering support of the faction, Momentum. Corbyn
64%
Advocated for a second referendum re Brexit. Both
45%
Has reshuffled his shadow cabinet more times than any other Labour leader. Starmer
36%
Criticised his Labour colleague's transphobic claims and called for laws to protect trans rights. Starmer
36%
At an early age, he wrote in a socialist newspaper that "Karl Marx was right", and has regularly called for increasing the powers of the trade unions. Starmer
36%
No matching quizzes found
Score Distribution
Percent of People with Each Score
Percentile by Number Answered
Your Score History
You have not taken this quiz